000 00815nam a22002897a 4500
001 0000007
003 KOHA_MİRAKIL
005 20260207001156.0
007 ta
008 081212b2001 tu |||gr||||#0|||0|tur |
020 _a9758201387
_c28,69
040 _aTR-BiSEU
_btur
_cTR-BiSEU
_erda
041 0 _atur
044 _ctu
050 _aTA780
_b.B57 2001
100 1 _aBirand, Altay A..
245 1 _aKazıklı temeller/
_cAltay A. Birand ; Altay A. Birand.
264 1 _aAnkara :
_bTeknik Yayınevi
_c2001
300 _axviii, 433 sayfa
336 _ametin
_btxt
_2rdacontent
337 _aaracısız
_bn
_2rdamedia
338 _acilt
_bnc
_2rdacarrier
650 0 _aİnşaat mühendisliği.
_91480
650 0 _aKazıklı (yığma) temeller.
_91481
907 _aİnşaat Mühendisliği
942 _2lcc
_cBK
999 _c8
_d8